Rubber-clay nanocomposites: Synthesis and properties of styrene-butadiene (SBR)/clay nanocomposites (Record no. 43162)

MARC details
000 -LEADER
fixed length control field 00497nam a2200169Ia 4500
020 ## - INTERNATIONAL STANDARD BOOK NUMBER
ISBN 9783639141245
082 ## - DEWEY DECIMAL CLASSIFICATION NUMBER
Classification number 678-036
Item number MEN
100 ## - MAIN ENTRY--AUTHOR NAME
Personal name MENEGHETT, Paulo
245 #0 - TITLE STATEMENT
Title Rubber-clay nanocomposites: Synthesis and properties of styrene-butadiene (SBR)/clay nanocomposites
260 ## - PUBLICATION, DISTRIBUTION, ETC. (IMPRINT)
Place of publication Germany
Name of publisher VDM Vaerlag
Year of publication 2000
650 ## - SUBJECT ADDED ENTRY--TOPICAL TERM
Topical Term Nanocomposites
650 ## - SUBJECT ADDED ENTRY--TOPICAL TERM
Topical Term Rubber clay
650 ## - SUBJECT ADDED ENTRY--TOPICAL TERM
Topical Term SBR
650 ## - SUBJECT ADDED ENTRY--TOPICAL TERM
Topical Term Styrene butdiene rubber
942 ## - ADDED ENTRY ELEMENTS (KOHA)
Koha item type Books
Holdings
Withdrawn status Lost status Damaged status Not for loan Home library Current library Date acquired Cost, normal purchase price Full call number Accession Number Koha item type
        RRII Library RRII Library 16/12/2021 68.00 678-036 MEN 23428 Books